| 000 | 00850cam a2200205 4500 | ||
|---|---|---|---|
| 001 | ABS66776 | ||
| 008 | 030618n2003 000 0 eng u | ||
| 035 | _a(Sirsi) u122642 | ||
| 100 | _aAmbrose, J. | ||
| 245 | 4 | _aThe dating game | |
| 260 | _c2003 | ||
| 490 |
_aRICS Building Control _v(141) June 2003, 12-14(3) |
||
| 520 | _aLooks at how property defects can sometimes be predicted by a building's age. However, dating a building can be complicated by alterations to its fabric. Gives some indicators to aid identification of the period of a building and advises caution when dealing with doubts over the structure. | ||
| 590 | _aABS | ||
| 650 | _aBUILDING DEFECTS | ||
| 650 | _aBUILDING ALTERATIONS | ||
| 650 | _aDATING BUILDINGS | ||
| 690 | _aBUILT ENVIRONMENT-BUILDING MAINTENANCE AND REFURBISHMENT-BUILDING CONSERVATION | ||
| 942 | _n0 | ||
| 999 |
_c72875 _d72875 |
||